000 00910nam a2200205 i 4500
001 109242
003 ES-MaACL
005 20230906184815.0
007 t|
008 061121s1923 sp r ||||1| spa d
110 2 _aEstación Enológica de Reus.
_94014
245 1 0 _aMemoria correspondiente a los trabajos efectuados... durante los años 1914 a 1920 /
_cformulada por Claudio Oliveras Massó.
260 _aReus :
_b[s.n.],
_c1923 (
_fTall. Gráf. Eduardo Rivas)
300 _a227 p. lám. I-46 neg. col. ;
_c23 cm.
500 _aPrecede al tít.: Ministerio de Fomento. Dirección General de Agricultura y Montes, Escuela de Viticultura y Enología, Estación Enológica de Reus.
505 8 _aContiene: T. III. Campañas y experimentaciones contra el mildiu y el oidium
650 4 _aVid-
_xPlagas y enfermedades.
_9149157
700 1 _aOliveras Massó, Claudio.
_986864
852 _aES-MaACL
_jB-13123
999 _c109242
_d109242